| 000 | 00491nam a2200169 i 4500 | ||
|---|---|---|---|
| 001 | 64666 | ||
| 003 | ES-MaACL | ||
| 005 | 20230906165201.0 | ||
| 007 | t| | ||
| 008 | 040102s1969 sp ||||1| spa d | ||
| 245 | 0 | 3 |
_aLa formación de los más pequeños _b: [de 0 a 5 años] / _c[versión de Luis Riera]. |
| 250 | _a[1ª ed.]. | ||
| 260 |
_a[Barcelona] : _bNova Terra, _c[1969] |
||
| 300 |
_a2 v. ; _c21 cm. |
||
| 700 | 1 |
_aRiera, Luis. _997111 |
|
| 852 |
_aES-MaACL _j2071-F-12-13 _bR.72541 |
||
| 999 |
_c64666 _d64666 |
||